000
00285nam a22001337a 4500
008
180924b xxu||||| |||| 00| 0 eng d
020
_a
0443079889
041
_a
eng
080
_2
5 ED
_a
610
100
_a
5
101
_a
ANE
245
_a
Anesthesia
_c
Miller.R.D
942
_2
udc
_c
BK
999
_c
48342
_d
48342